[Event "USA Women's Championship 2007"]
[Site "Stillwater USA"]
[Date "2007.07.19"]
[Round "8.1"]
[White "Melekhina, Alisa"]
[Black "Vicary, Elizabeth"]
[Result "1-0"]
[WhiteElo "2099"]
[BlackElo "2148"]
[PlyCount "63"]
[EventDate "2007.07.16"]
[EventType "tourn"]
[EventCountry "USA"]
[Source "lmi"]
[SourceDate "2007.07.16"]

1. e4 c5 2. Nc3 Nc6 3. g3 g6 4. Bg2 Bg7 5. d3 e5 6. f4 d6 7. Nh3 Nge7 8. O-O
Nd4 9. Be3 h6 10. Qd2 Be6 11. Kh1 Qd7 12. Ng1 O-O-O 13. Rab1 h5 14. h4 Nec6 15.
a3 exf4 16. Bxf4 Be5 17. Nce2 Nxe2 18. Nxe2 Bh3 19. c4 Rdf8 20. b4 f6 21. b5
Nd4 22. Kh2 Bxg2 23. Kxg2 Nxe2 24. Qxe2 g5 25. hxg5 h4 26. Bxe5 dxe5 27. Rxf6
Rfg8 28. Qe3 b6 29. Rf5 hxg3 30. Qxg3 Rh5 31. Rbf1 Qg7 32. Qg4 1-0

[Event "USA Women's Championship 2007"]
[Site "Stillwater USA"]
[Date "2007.07.19"]
[Round "8.3"]
[White "Battsetseg, Tsagaan"]
[Black "Tuvshintugs, Batchim"]
[Result "1/2-1/2"]
[WhiteElo "2241"]
[BlackElo "2236"]
[PlyCount "118"]
[EventDate "2007.07.16"]
[EventType "tourn"]
[EventCountry "USA"]
[Source "lmi"]
[SourceDate "2007.07.16"]

1. e4 e5 2. Nf3 Nc6 3. Bc4 Nf6 4. d3 Be7 5. O-O O-O 6. c3 d6 7. Bb3 Na5 8. Bc2
c5 9. d4 cxd4 10. cxd4 Nc6 11. h3 exd4 12. Nxd4 Nb4 13. Nc3 Nxc2 14. Qxc2 d5
15. e5 Ne8 16. Rd1 Nc7 17. Be3 Bd7 18. Rac1 Rc8 19. Qb3 Bc6 20. Nxc6 bxc6 21.
Bxa7 Ne6 22. Bb6 Qd7 23. a4 Nf4 24. Qc2 Qe6 25. Re1 c5 26. a5 d4 27. Qe4 g5 28.
Ne2 Nd5 29. Ng3 Rfe8 30. Nf5 Bf8 31. Qg4 Nxb6 32. axb6 h6 33. h4 Qxb6 34. hxg5
Qg6 35. Nxd4 Rb8 36. Nf3 Rxb2 37. Qa4 Re6 38. Rc4 hxg5 39. Nxg5 Rb1 40. Rxb1
Qxb1+ 41. Kh2 Rh6+ 42. Kg3 Rg6 43. Rg4 Qd3+ 44. f3 c4 45. Ne4 Rxg4+ 46. Kxg4 c3
47. e6 fxe6 48. Qe8 Qc4 49. Qg6+ Kh8 50. f4 Qc7 51. Qh5+ Qh7 52. Qxh7+ Kxh7 53.
Nxc3 Kg6 54. Ne4 Be7 55. g3 Ba3 56. Ng5 Kf6 57. Kh5 e5 58. fxe5+ Kxe5 59. Kg6
Bc1 1/2-1/2

[Event "USA Women's Championship 2007"]
[Site "Stillwater USA"]
[Date "2007.07.19"]
[Round "8.4"]
[White "Airapetian, Chouchanik"]
[Black "Abrahamyan, Tatev"]
[Result "1/2-1/2"]
[WhiteElo "2162"]
[BlackElo "2237"]
[PlyCount "92"]
[EventDate "2007.07.16"]
[EventType "tourn"]
[EventCountry "USA"]
[Source "lmi"]
[SourceDate "2007.07.16"]

1. e4 e6 2. d4 d5 3. Nc3 Bb4 4. e5 c5 5. a3 Bxc3+ 6. bxc3 Ne7 7. Qg4 O-O 8. Bd3
Nbc6 9. Nf3 f5 10. exf6 Rxf6 11. Bg5 Rf7 12. Ne5 Nxe5 13. dxe5 c4 14. Be2 Qa5
15. Bd2 Nc6 16. Qg3 Qc7 17. f4 Qb6 18. Qe3 Qb2 19. O-O Qxc2 20. g4 Na5 21. Rac1
Qa4 22. Rcd1 Nb3 23. f5 Qxa3 24. Bf3 Qc5 25. Kh1 Qxe3 26. Bxe3 b5 27. Kg1 a5
28. Rf2 b4 29. Rc2 Bb7 30. Bg2 a4 31. cxb4 a3 32. Ra2 c3 33. Rb1 d4 34. Rxb3
Bxg2 35. Kxg2 dxe3 36. Rxc3 e2 37. Re3 exf5 38. gxf5 Rxf5 39. Rexe2 Kf7 40. Re3
Rf4 41. Rb3 Ke6 42. b5 Rfa4 43. Re3 Rb4 44. Raxa3 Rxa3 45. Rxa3 Rxb5 46. Ra7
Rxe5 1/2-1/2

[Event "USA Women's Championship 2007"]
[Site "Stillwater USA"]
[Date "2007.07.20"]
[Round "9.1"]
[White "Rohonyan, Katerina"]
[Black "Melekhina, Alisa"]
[Result "1/2-1/2"]
[WhiteElo "2316"]
[BlackElo "2099"]
[PlyCount "112"]
[EventDate "2007.07.16"]
[EventType "tourn"]
[EventCountry "USA"]
[Source "lmi"]
[SourceDate "2007.07.16"]

1. c4 g6 2. Nc3 Bg7 3. g3 Nc6 4. Bg2 d6 5. Nf3 e5 6. O-O f5 7. d3 Nf6 8. Rb1 h6
9. b4 O-O 10. b5 Ne7 11. Ne1 g5 12. Nc2 f4 13. Ne4 Qe8 14. Nb4 Rb8 15. Bb2 Qh5
16. Nxf6+ Bxf6 17. d4 Bf5 18. e4 Bg4 19. f3 Be6 20. dxe5 Bxe5 21. Bxe5 dxe5 22.
Nd5 Qf7 23. Qa4 c6 24. bxc6 Nxc6 25. Rf2 Rbc8 26. Qa3 Kh8 27. Rd1 b6 28. c5 b5
29. Nb4 Nd4 30. Nc2 Rfd8 31. Nxd4 Rxd4 32. Rxd4 exd4 33. Qb2 Qd7 34. Rd2 Rd8
35. Bf1 Bc4 36. c6 Qxc6 37. Qa3 Bxf1 38. Kxf1 Qc4+ 39. Kg2 Qc7 40. Qa6 Qb6 41.
Qxb6 axb6 42. Kf2 d3 43. Ke1 Rd4 44. g4 Kg7 45. Rb2 Ra4 46. Kd2 Ra3 47. e5 Kf7
48. Rxb5 Rxa2+ 49. Kxd3 Ra6 50. Ke4 Ke6 51. Rb4 b5 52. Rxb5 Ra4+ 53. Kd3 Ra3+
54. Kd4 Ra4+ 55. Kc3 Ra3+ 56. Kd4 Ra4+ 1/2-1/2

[Event "USA Women's Championship 2007"]
[Site "Stillwater USA"]
[Date "2007.07.20"]
[Round "9.5"]
[White "Baginskaite, Camilla"]
[Black "Battsetseg, Tsagaan"]
[Result "1/2-1/2"]
[WhiteElo "2328"]
[BlackElo "2241"]
[PlyCount "107"]
[EventDate "2007.07.16"]
[EventType "tourn"]
[EventCountry "USA"]
[Source "lmi"]
[SourceDate "2007.07.16"]

1. d4 Nf6 2. c4 g6 3. Nf3 Bg7 4. g3 O-O 5. Bg2 c5 6. Nc3 cxd4 7. Nxd4 Nc6 8.
O-O Qa5 9. Nb3 Qh5 10. e4 Qxd1 11. Rxd1 d6 12. f4 Bg4 13. Rf1 Rfc8 14. h3 Be6
15. Nd5 Bxd5 16. exd5 Nb4 17. Na5 Nd3 18. Rd1 Nxc1 19. Raxc1 Nh5 20. Rd3 Rc7
21. b4 Rac8 22. Kh2 h6 23. Bf3 Nf6 24. Bg4 Rd8 25. Re1 Kf8 26. Rde3 Nxg4+ 27.
hxg4 Bd4 28. Re4 Bb6 29. Nb3 Rdc8 30. Nd2 a5 31. a3 axb4 32. axb4 Ra8 33. Nf3
Ra2+ 34. Kh3 Rc2 35. f5 gxf5 36. gxf5 R2xc4 37. f6 Rxe4 38. Rxe4 exf6 39. Nh4
Rc3 40. Nf5 Rd3 41. Nxd6 Rxd5 42. Nxb7 Rd3 43. Nc5 Bxc5 44. bxc5 Rc3 45. Rh4
Rc1 46. Kg4 Kg7 47. Rh5 Rd1 48. Rh2 Rc1 49. Rh5 Rd1 50. Rh2 Rd4+ 51. Kf3 Rc4
52. Rh5 Kg6 53. g4 Rc3+ 54. Kf2 1/2-1/2